000 00339nam a2200097Ia 4500
008 220120s9999||||xx |||||||||||||| ||und||
100 _aAadarsh a p, ajmal, akash v, jishnu
_912765
245 0 _aAnalysis of square cross section structures
260 _aCoorg Institute of Technology
_bPonnampet
_c2003
650 _aELECTRONICS AND COMMUNICATIONS
999 _c138365
_d138365